La situación: crónicas literarias
Պահպանված է:
| Հիմնական հեղինակ: | |
|---|---|
| Ձևաչափ: | Գիրք |
| Լեզու: | իսպաներեն |
| Հրապարակվել է: |
Santiago
Universidad Diego Portales
2010
|
| Հրատարակություն: | 1a. ed |
| Խորագրեր: | |
| Ցուցիչներ: |
Ավելացրեք ցուցիչ
Չկան պիտակներ, Եղեք առաջինը, ով նշում է այս գրառումը!
|
MARC
| LEADER | 00000cam a2200000 a 4500 | ||
|---|---|---|---|
| 001 | UCG8676 | ||
| 003 | CL-VaPUC | ||
| 008 | 111223e20101200CL |||||||||||||||||spa|d | ||
| 020 | |a 9789563141122 | ||
| 082 | 0 | 4 | |a Ch863 |b GUM |2 21 |
| 100 | 0 | |a Gumucio, Rafael |e author |9 518496 | |
| 245 | 1 | 3 | |a La situación: crónicas literarias |
| 250 | |a 1a. ed | ||
| 300 | |a 165 p | ||
| 942 | |c BK | ||
| 945 | |d 20111223 00:00:00 |a dcastane | ||
| 260 | |a Santiago |b Universidad Diego Portales |c 2010 | ||
| 650 | 0 | |a Crónicas chilenas |9 321511 | |
| 650 | 0 | |a Literatura chilena |9 308278 | |
| 583 | |a last modification |c 20111223 12:06:00 |k Rodrigo Vera | ||
| 999 | |c 346276 |d 346274 | ||
| 952 | |0 0 |1 0 |4 0 |6 CH_863_000000000000000_GUM_2010 |7 0 |8 A |9 446920 |a BIBART |b BIBART |d 2019-11-22 |i 481794K |o Ch863 GUM 2010 |p 481794K |r 2025-03-13 |w 2019-11-22 |y BK |k ART | ||